02860nam a2200301Ia 4500008004100000040001800041041000800059245007200067246002900139260011900168300002300287500118200310508020401492511033001696546009502026650002002121650005602141650003702197650001502234650003202249650003502281700004102316710002302357710002802380710003202408765002902440856008902469130821s2005 xxua gs spa  aCo-BoUCMbspa00aspa03aBuenas noches, y buena suertec[DVD]c[dirigida por] George Clooney13aGood night and good luck aWashington D.C. (Estados Unidos)bWarner Independent Pictures ; 2929 Entertainment ; Participant Productionsc2005 a1 DVDbson., color aSINOPSIS : "Buenas noches, y buena suerte" acontece durante los primeros tiempos del periodismo televisivo en EE.UU, en la década de los 50. Es la crónica del auténtico enfrentamiento entre Edward R. Murrow (David Strathairn), presentador de las noticias, y el senador Joseph McCarthy y el Comité de Actividades Antiamericanas. Con la firme voluntad de informar de los hechos e ilustrar a la audiencia, Murrow y su incondicional equipo capitaneado por su productor Fred Friendly (George Clooney) y Joe Wershba (Robert Downey Jr.) desde la sala de redacción de la CBS hacen frente a las presiones corporativas y de los patrocinadores para examinar las mentiras y las tácticas alarmistas perpetradas por McCarthy durante su "caza de brujas" comunista. Cuando el senador reacciona acusando al presentador de ser comunista, se erige una enorme indignación pública. En aquel clima de miedo y represión, el equipo de la CBS siguió adelante sin atender a ruegos. Su tenacidad finalmente valió la pena cuando el mismísimo McCarthy tuvo que presentarse ante el Senado y fue desposeído de poder una vez que sus mentiras y abusos quedaron por fin al descubierto. aDirección: George Clooney ; guión: George Clooney y Grant Heslov ; producción, Grant Heslov ; fotografía B/N, Robert Elswit ; montaje, Stephen Mirrione; diseño de producción, Jim Bissell. aDavid Strathairn (Edward R. Murrow), Robert Downey Jr. (Joe Wershba), Patricia Clarkson (Shirley Wershba), Ray Wise (Don Hollenbeck), Frank Langella (William Paley), Jeff Daniels (Sigfried "Sig" Mickelson), George Clooney (Fred Friendly), Tate Donovan (Jesse Zousmer), Tom McCarthy (Palmer Williams), Matt Ross (Eddie Scott). aAudio en Inglés, Español y Catalán. Subtítulos en Inglés, Español Y Catalán.04aEntretenimiento04aPelículas cinematográficaszEstados UnidosvDVD04aPeriodismo por televisiónvDVD04aPeriodismo04aPeriodistas en el cinevDVD04aTelevisión y políticavDVD1 aClooney, George Timothyd1961-edir.2 a2929 Entertainment2 aParticipant Productions2 aWarner Independent Pictures tGood night and good luck04uhttp://www.youtube.com/watch?v=BXHyLGwLxIYzSiga este vínculo para ver el trailer.